[Event "Titled Tue 1st Jul Early"]
[Site "chess.com INT"]
[Date "2025.07.01"]
[Round "11"]
[White "Skarbarchuk, Tetyana"]
[Black "Yatskar, Martin"]
[Result "0-1"]
[BlackTitle "CM"]
[WhiteElo "2096"]
[BlackElo "2225"]
[WhiteFideId "14184494"]
[BlackFideId "34109676"]
[EventDate "2025.07.01"]

1. Nf3 d5 2. b3 c5 3. e3 a6 4. Bb2 Nc6 5. Be2 Bg4 6. d4 Nf6 7. O-O e6 8. h3 Bh5
9. Ne5 Bxe2 10. Qxe2 Bd6 11. c4 Qc7 12. Nxc6 Qxc6 13. cxd5 exd5 14. dxc5 Qxc5
15. Bd4 Qb5 16. Qxb5+ axb5 17. Bxf6 gxf6 18. Nc3 Be5 19. Rad1 Bxc3 20. Rxd5 b4
21. Rfd1 O-O 22. Rf5 Rxa2 23. Rf4 Ra1 24. Rg4+ Kh8 25. Rxa1 Bxa1 26. Rxb4 Rb8
27. Rb6 Kg7 28. b4 Bc3 29. Kf1 Kf8 30. Ke2 Ke7 31. Kd3 Be1 32. f3 Kd7 33. Rxf6
Bxb4 34. Rxf7+ Ke6 35. Rxh7 b5 36. Kc2 Bc5 37. Rh5 Bxe3 38. Kb3 b4 39. Rh4 Bd2
40. Re4+ Kd5 41. h4 Rh8 42. g3 Ra8 43. h5 Ra3+ 44. Kb2 Rxf3 45. Re2 Bc3+ 46. Kc2
Rxg3 47. Rh2 Rg7 48. Kb3 Rh7 49. Rh4 Ke5 50. Rh3 Kf5 51. Rh1 Kg5 52. Rg1+ Kxh5
53. Rg2 Rh6 54. Rg1 Rg6 55. Rh1+ Kg5 56. Rf1 Rf6 57. Rg1+ Kf5 58. Rg2 Ke6 59.
Re2+ Kd6 60. Re4 Rf2 61. Rh4 Rf5 62. Rh6+ Kd5 63. Rh4 Rf2 64. Rh5+ Kd4 65. Rh4+
Kd3 66. Rh3+ Kd2 67. Rh7 Rg2 68. Rd7+ Kc1 69. Rc7 Rb2+ 70. Kc4 Kc2 71. Rh7 Rb1
72. Rh2+ Bd2 73. Rh3 b3 74. Kb5 b2 75. Rh8 Rc1 76. Rc8+ Bc3 77. Kc4 b1=Q 78. Rd8
Qb3+ 79. Kc5 Bb4+ 80. Kc6 Qe6+ 81. Kb7 Rb1 82. Rc8+ Bc5+ 83. Kc7 Qd6# 0-1

[Event "Titled Tue 1st Jul Early"]
[Site "chess.com INT"]
[Date "2025.07.01"]
[Round "11"]
[White "Shapiro, Daniel"]
[Black "Gavarrete, Nahun"]
[Result "1-0"]
[WhiteTitle "FM"]
[BlackTitle "FM"]
[WhiteElo "2284"]
[BlackElo "2281"]
[WhiteFideId "2001780"]
[BlackFideId "8400709"]
[EventDate "2025.07.01"]

1. d4 d5 2. c4 e6 3. Nf3 Nf6 4. g3 c6 5. Qc2 Bd6 6. Bg2 Nbd7 7. Nbd2 b6 8. O-O
Bb7 9. Rd1 O-O 10. e4 dxe4 11. Ng5 Qe7 12. Ndxe4 Bc7 13. c5 bxc5 14. dxc5 h6 15.
Nxf6+ Nxf6 16. Ne4 Rfd8 17. Nxf6+ Qxf6 18. Be3 Qe7 19. b4 a6 20. a4 Rab8 21.
Rab1 Rxd1+ 22. Qxd1 Rd8 23. Qc2 Rb8 24. Qc3 f6 25. Qd3 Rd8 26. Qe4 f5 27. Qc4
Qd7 28. Qc3 Rb8 29. b5 axb5 30. axb5 Kf7 31. Bf3 Kf8 32. Rd1 Qe8 33. b6 Bd8 34.
Bd4 Qf7 35. Be5 Rc8 36. Qd3 Ke8 37. g4 Bf6 38. Bd6 Rd8 39. gxf5 exf5 40. Re1+
Kd7 41. Qxf5+ Qe6 42. Qxe6# 1-0

[Event "Titled Tue 1st Jul Early"]
[Site "chess.com INT"]
[Date "2025.07.01"]
[Round "11"]
[White "Mafra, Kaiser Luiz"]
[Black "Birkisson, Bjorn Holm"]
[Result "0-1"]
[WhiteTitle "CM"]
[BlackTitle "CM"]
[WhiteElo "2043"]
[BlackElo "2159"]
[WhiteFideId "2106698"]
[BlackFideId "2310600"]
[EventDate "2025.07.01"]

1. d4 d5 2. Nc3 Nf6 3. Bf4 a6 4. e3 h6 5. Nf3 e6 6. Bd3 c5 7. dxc5 Bxc5 8. h3
Nc6 9. Qd2 b5 10. a3 O-O 11. g4 d4 12. Ne2 dxe3 13. fxe3 Nd5 14. g5 e5 15. gxh6
exf4 16. exf4 Be3 17. Qd1 Re8 18. h7+ Kh8 19. Ng5 Qf6 20. Be4 Rxe4 21. Qxd5 Re7
22. Rf1 Bf5 23. Rf3 Bxh7 24. Rxe3 Rxe3 25. Nxf7+ Kg8 26. Ne5+ Kh8 27. Nf7+ Qxf7
28. Qxf7 Rae8 29. O-O-O Rxe2 30. Rd7 Rxc2+ 31. Kd1 Rg8 32. f5 Ne5 33. Qh5 Nxd7
34. Kxc2 Nf6 35. Qf3 Rc8+ 36. Kb3 Bg8+ 37. Kb4 Bf7 38. Qf4 Rc4+ 0-1

[Event "Titled Tue 1st Jul Early"]
[Site "chess.com INT"]
[Date "2025.07.01"]
[Round "11"]
[White "Atoyan, Alberto"]
[Black "Mayank, Chakraborty"]
[Result "1-0"]
[WhiteTitle "CM"]
[BlackTitle "IM"]
[WhiteElo "2302"]
[BlackElo "2448"]
[WhiteFideId "13314831"]
[BlackFideId "25659766"]
[EventDate "2025.07.01"]

1. e4 e5 2. Nf3 Nc6 3. Bc4 f6 4. d4 exd4 5. Nxd4 Nxd4 6. Qxd4 Ne7 7. Nc3 d6 8.
Be3 Nc6 9. Qd5 Qe7 10. O-O-O Bd7 11. Nb5 O-O-O 12. Nxa7+ Nxa7 13. Bxa7 Bc6 14.
Qe6+ Rd7 15. Bd4 Bxe4 16. Rhe1 d5 17. Qxe7 Bxe7 18. Rxe4 dxe4 19. Be6 Bd6 20.
Re1 Re8 21. Bxd7+ Kxd7 22. Kd2 h5 23. h3 h4 24. c4 c5 25. Be3 Kc6 26. a3 Ra8 27.
Kc2 Be5 28. Rd1 Ra4 29. Kb3 Ra8 30. Kc2 Re8 31. Rd5 b6 32. b4 cxb4 33. axb4 Ra8
34. Rb5 Ra6 35. Rxe5 1-0

[Event "Titled Tue 1st Jul Early"]
[Site "chess.com INT"]
[Date "2025.07.01"]
[Round "11"]
[White "Chiu, Isaac"]
[Black "Soza de la Carrera, Jose"]
[Result "1-0"]
[BlackTitle "CM"]
[WhiteElo "2226"]
[BlackElo "2221"]
[WhiteFideId "30900654"]
[BlackFideId "3401278"]
[EventDate "2025.07.01"]

1. b3 d5 2. Bb2 Nf6 3. Nf3 c5 4. e3 e6 5. Bb5+ Bd7 6. Bxd7+ Nbxd7 7. O-O Bd6 8.
d3 O-O 9. Nbd2 Qc7 10. a4 Rfe8 11. Qe2 e5 12. e4 d4 13. Nc4 Bf8 14. g3 g6 15.
Nh4 Bg7 16. Ng2 b6 17. f4 exf4 18. Nxf4 Ne5 19. Qg2 Nxc4 20. bxc4 Ng4 21. Nd5
Qd6 22. Bc1 Rf8 23. h3 Ne5 24. Bg5 f6 25. Bf4 Rf7 26. Bxe5 fxe5 27. Rxf7 Kxf7
28. a5 Rb8 29. axb6 axb6 30. Ra7+ Kg8 31. Qf3 Rf8 32. Qg4 b5 33. cxb5 c4 34. Qd7
Qxd7 35. Rxd7 cxd3 36. cxd3 Rf3 37. b6 Rxg3+ 38. Kf2 Rxd3 39. b7 Rb3 40. Rd8+
Kf7 41. b8=Q Rxb8 42. Rxb8 g5 43. Rb7+ Kg6 44. Ne7+ Kh5 45. Nf5 Bf8 46. Rxh7+
Kg6 47. Rb7 1-0

[Event "Titled Tue 1st Jul Early"]
[Site "chess.com INT"]
[Date "2025.07.01"]
[Round "11"]
[White "Safin Safarullakhan"]
[Black "De Lomas Busquets, Alba"]
[Result "0-1"]
[WhiteTitle "CM"]
[BlackTitle "WCM"]
[WhiteElo "2028"]
[BlackElo "1997"]
[WhiteFideId "33379475"]
[BlackFideId "24585289"]
[EventDate "2025.07.01"]

1. e4 c5 2. Nf3 d6 3. d4 cxd4 4. Nxd4 Nf6 5. Nc3 g6 6. f3 Bg7 7. Be3 Nbd7 8. Qd2
a6 9. O-O-O h5 10. h3 b5 11. Be2 Bb7 12. g4 Ne5 13. g5 Nfd7 14. f4 Nc4 15. Bxc4
bxc4 16. f5 Nc5 17. fxg6 fxg6 18. Nd5 Nxe4 19. Qe1 Bxd5 20. Nf5 gxf5 21. Rxd5 e6
22. Rd1 c3 23. Bd4 cxb2+ 24. Kb1 Qc7 25. c4 Rb8 26. Bxg7 Qxg7 27. Rd3 O-O 28.
Rg1 Rfc8 29. Qe2 Rxc4 30. Re3 Rbc8 31. Qxb2 Qxb2+ 32. Kxb2 Rc2+ 33. Ka1 Nd2 34.
Rxe6 Rc1+ 0-1

[Event "Titled Tue 1st Jul Early"]
[Site "chess.com INT"]
[Date "2025.07.01"]
[Round "11"]
[White "Mende, Andreas"]
[Black "Winkels, Marcel"]
[Result "1-0"]
[WhiteTitle "CM"]
[BlackTitle "CM"]
[WhiteElo "2113"]
[BlackElo "1905"]
[WhiteFideId "4631102"]
[BlackFideId "1003887"]
[EventDate "2025.07.01"]

1. c4 e5 2. g3 Nc6 3. Nc3 Bc5 4. Bg2 a5 5. e3 d6 6. Nf3 Ba7 7. O-O h5 8. d4 h4
9. Nxh4 Rxh4 10. gxh4 Qxh4 11. d5 Nce7 12. Qf3 Bg4 13. Qg3 Qh5 14. Nb5 Bb6 15.
h3 Be2 16. Qxg7 Bxc4 17. Nc3 Bxf1 18. Kxf1 O-O-O 19. Qg4+ Qxg4 20. hxg4 Nf6 21.
Bf3 e4 22. Nxe4 Nexd5 23. Nxf6 Nxf6 24. g5 Nd7 25. Bd2 Ne5 26. Be4 Rg8 27. Ke2
Rxg5 28. f4 Rg4 29. Bf5+ Kd8 30. Bxg4 Nxg4 31. Rg1 f5 32. Rh1 Kd7 33. Rh7+ Ke6
34. Kf3 Kd5 35. Rf7 Ke6 36. Rf8 Bc5 37. a3 b6 38. b4 axb4 39. axb4 Ke7 40. Ra8
Nxe3 41. bxc5 Nd5 42. c6 1-0

[Event "Titled Tue 1st Jul Early"]
[Site "chess.com INT"]
[Date "2025.07.01"]
[Round "11"]
[White "Manukian, Artak"]
[Black "Liu, Zachary Hankun"]
[Result "0-1"]
[WhiteElo "2104"]
[BlackElo "2067"]
[WhiteFideId "13301373"]
[BlackFideId "2640287"]
[EventDate "2025.07.01"]

1. e4 c5 2. Nf3 d6 3. Bb5+ Bd7 4. Bxd7+ Qxd7 5. c4 g6 6. d4 cxd4 7. Nxd4 Bg7 8.
Nc3 Nf6 9. f3 Nc6 10. Be3 O-O 11. O-O Rac8 12. b3 Rfd8 13. Rc1 e6 14. Qd2 d5 15.
Nxc6 bxc6 16. cxd5 cxd5 17. e5 Ne8 18. Bd4 a6 19. Na4 Rxc1 20. Rxc1 Rc8 21. Nb6
Rxc1+ 22. Qxc1 Qc7 23. Qxc7 Nxc7 24. a4 Kf8 25. f4 Ke8 26. Kf2 Kd8 27. Ke3 Ne8
28. a5 Kc7 29. Na4 Bf8 30. Bc5 Bh6 31. g3 g5 32. Be7 gxf4+ 33. gxf4 Ng7 34. Kf3
Nf5 35. Bc5 Kc6 36. b4 Kb5 37. Nb6 d4 38. Ke4 d3 39. Kxd3 Bxf4 40. Ke4 Bxh2 41.
Nc8 h5 42. Na7+ Kc4 43. Nc6 h4 44. Nd8 h3 45. Nxf7 Bg3 46. Kf3 Kd5 47. Nd6 Bxe5
48. Nf7 Nh4+ 0-1

[Event "Titled Tue 1st Jul Early"]
[Site "chess.com INT"]
[Date "2025.07.01"]
[Round "11"]
[White "Mardov, Dimitar"]
[Black "Xiong, Jeffery"]
[Result "0-1"]
[WhiteTitle "IM"]
[BlackTitle "GM"]
[WhiteElo "2506"]
[BlackElo "2646"]
[WhiteFideId "30919495"]
[BlackFideId "2047640"]
[EventDate "2025.07.01"]

1. Nf3 c5 2. c4 Nf6 3. Nc3 d5 4. cxd5 Nxd5 5. g3 Nc6 6. Bg2 Nc7 7. O-O e5 8. b3
Be7 9. Bb2 O-O 10. d3 Be6 11. Rc1 f6 12. h4 Qd7 13. Nd2 Bh3 14. Nf3 Bxg2 15.
Kxg2 Rad8 16. Qd2 Ne6 17. Rfd1 f5 18. e3 b6 19. Kg1 f4 20. Qe2 fxg3 21. fxg3 Nb4
22. Nxe5 Qe8 23. a3 Bd6 24. Ne4 Bxe5 25. Bxe5 Nd5 26. Rf1 Qg6 27. h5 Qh6 28. Bf4
Nexf4 29. exf4 Ne7 30. Nxc5 bxc5 31. Qxe7 Rxd3 32. Kg2 Qc6+ 33. Kh3 Rf5 34. Qe2
Qd7 35. Rcd1 Re5+ 36. Qg4 Rxh5+ 0-1

[Event "Titled Tue 1st Jul Early"]
[Site "chess.com INT"]
[Date "2025.07.01"]
[Round "11"]
[White "Grabinsky, Vladimir"]
[Black "Venskaya, Nika"]
[Result "0-1"]
[WhiteTitle "IM"]
[BlackTitle "WCM"]
[WhiteElo "2192"]
[BlackElo "1926"]
[WhiteFideId "14107074"]
[BlackFideId "13523503"]
[EventDate "2025.07.01"]

1. e4 c5 2. b4 cxb4 3. a3 d6 4. axb4 Nf6 5. Nc3 g6 6. Bb2 Bg7 7. Nd5 O-O 8.
Nxf6+ Bxf6 9. Bxf6 exf6 10. Nf3 Re8 11. d3 f5 12. Be2 fxe4 13. dxe4 Rxe4 14. O-O
Rxb4 15. Qd2 Nc6 16. Rfd1 Bf5 17. c3 Rb3 18. Bc4 Rb6 19. Qh6 Qf6 20. Ng5 Qg7 21.
Bxf7+ Kh8 22. Qh4 Ne5 23. Bd5 Rf8 24. f4 Ng4 25. Rxa7 Ne3 26. Raa1 Nxd1 27. Rxd1
Rb2 28. Ne6 Bxe6 29. Bxe6 Qxc3 30. Qe7 Qe3+ 31. Kh1 Qxf4 0-1

[Event "Titled Tue 1st Jul Early"]
[Site "chess.com INT"]
[Date "2025.07.01"]
[Round "11"]
[White "Zepeda Berlanga, Jan Enrique"]
[Black "Mikhailova, Irina"]
[Result "0-1"]
[WhiteTitle "CM"]
[BlackTitle "WGM"]
[WhiteElo "2011"]
[BlackElo "2143"]
[WhiteFideId "5132355"]
[BlackFideId "4109040"]
[EventDate "2025.07.01"]

1. e4 c5 2. Nf3 Nc6 3. d4 c4 4. Bxc4 g6 5. O-O Bg7 6. e5 d5 7. exd6 Qxd6 8. Nc3
Nxd4 9. Nxd4 Qxd4 10. Qe2 Bg4 11. Bb5+ Kf8 12. Qe1 Nh6 13. Be3 Qb4 14. Be2 Nf5
15. Nd5 Qxe1 16. Rfxe1 Bxe2 17. Rxe2 Nxe3 18. Rxe3 e6 19. Nc3 Ke7 20. Rd1 Rhd8
21. Red3 Rxd3 22. Rxd3 Rd8 23. Rxd8 Kxd8 24. Kf1 Bxc3 25. bxc3 Kd7 26. Ke2 Kd6
27. Kd3 Kd5 28. f4 f6 29. g4 e5 30. f5 gxf5 31. gxf5 Kc5 32. a3 b5 33. h4 h5 0-1

[Event "Titled Tue 1st Jul Early"]
[Site "chess.com INT"]
[Date "2025.07.01"]
[Round "11"]
[White "Teterev, Vitaly"]
[Black "Domin, Yan"]
[Result "0-1"]
[WhiteTitle "GM"]
[BlackTitle "FM"]
[WhiteElo "2248"]
[BlackElo "2222"]
[WhiteFideId "13501429"]
[BlackFideId "34169342"]
[EventDate "2025.07.01"]

1. e4 c5 2. Nf3 Nc6 3. Bb5 Nf6 4. Nc3 Qc7 5. O-O Nd4 6. Re1 a6 7. Bf1 Ng4 8. g3
Nxf3+ 9. Qxf3 Ne5 10. Qe2 e6 11. f4 Nc6 12. d3 d6 13. a4 Be7 14. Be3 O-O 15. Bg2
b6 16. Qf2 Bb7 17. g4 Rac8 18. g5 Nd4 19. f5 d5 20. f6 Bd6 21. Bh1 gxf6 22. gxf6
Kh8 23. Bh6 Rg8+ 24. Bg7+ Rxg7+ 25. fxg7+ Kxg7 26. exd5 Rg8 27. Ne4 Kf8+ 28. Kf1
Bxd5 29. c3 Nf5 30. Ke2 Bxh2 31. Kd2 Qf4+ 32. Qxf4 Bxf4+ 33. Kc2 Rg6 34. Re2 h5
35. a5 b5 36. Nxc5 Bxh1 37. Rxh1 Ng3 38. Rhe1 Nxe2 39. Rxe2 e5 40. Nd7+ Kg7 41.
Nxe5 Bxe5 42. Rxe5 h4 0-1

[Event "Titled Tue 1st Jul Early"]
[Site "chess.com INT"]
[Date "2025.07.01"]
[Round "11"]
[White "Fernandes, Rogerio Paulo Muller"]
[Black "Vu Quang Quyen"]
[Result "0-1"]
[BlackTitle "CM"]
[WhiteElo "2241"]
[BlackElo "2026"]
[WhiteFideId "2101599"]
[BlackFideId "12402168"]
[EventDate "2025.07.01"]

1. c4 Nf6 2. g3 g6 3. Bg2 d5 4. Nf3 Bg7 5. O-O O-O 6. Qb3 dxc4 7. Qxc4 Nc6 8.
Nc3 Be6 9. Qh4 h6 10. d3 g5 11. Bxg5 hxg5 12. Nxg5 Ne5 13. Nce4 Bf5 14. Nxf6+
Bxf6 15. Be4 Qd7 16. f4 Ng4 17. Bxf5 Qxf5 18. e4 Bxg5 19. fxg5 Qc5+ 20. Kh1 Nf2+
21. Kg2 Nxd3 22. Rf5 Qc6 23. Raf1 Qg6 24. Qg4 f6 25. h4 Ne5 26. Qf4 Rad8 27. Kh3
Nd3 28. Qg4 Ne5 29. Qf4 Rf7 30. gxf6 exf6 0-1

[Event "Titled Tue 1st Jul Early"]
[Site "chess.com INT"]
[Date "2025.07.01"]
[Round "11"]
[White "Borgaonkar, Akshay"]
[Black "Palczert, Matyas"]
[Result "0-1"]
[WhiteTitle "FM"]
[BlackTitle "FM"]
[WhiteElo "2452"]
[BlackElo "2396"]
[WhiteFideId "25639110"]
[BlackFideId "784958"]
[EventDate "2025.07.01"]

1. e4 e5 2. Nf3 Nc6 3. Nc3 Nf6 4. d4 exd4 5. Nxd4 Bb4 6. Nxc6 bxc6 7. Bd3 O-O 8.
O-O d5 9. exd5 cxd5 10. h3 h6 11. Qf3 Re8 12. Bf4 Rb8 13. Rad1 Rb6 14. a3 Bxc3
15. bxc3 Ba6 16. c4 d4 17. c3 Bb7 18. Qg3 Nh5 19. Qg4 Nxf4 20. Qxf4 Rf6 21. Qxd4
Rd6 22. Qxa7 Bc6 23. Qc5 Ba4 24. Rd2 Rxd3 25. Rxd3 Qxd3 26. Qxc7 Qe4 27. Qc5 Bc6
28. f3 Qe3+ 29. Qxe3 Rxe3 30. Rc1 Re2 31. Rb1 Rc2 32. Rb6 Be8 33. Rb3 Kf8 34. c5
Ke7 35. Rb7+ Kd8 36. Rb8+ Ke7 37. Rb7+ Ke6 38. Rb6+ Kd7 39. Rb7+ Kc8 40. Re7 Kd8
41. Re3 Bd7 42. Rd3 Kc7 43. h4 Ra2 44. c4 Rc2 45. Rd4 Be6 46. h5 Rxc4 47. Rd6
Rxc5 48. Ra6 Rxh5 49. a4 Kb7 50. Rd6 Rd5 0-1

[Event "Titled Tue 1st Jul Early"]
[Site "chess.com INT"]
[Date "2025.07.01"]
[Round "11"]
[White "Saydaliev, Saidakbar"]
[Black "Cuenca Jimenez, Jose Fernando"]
[Result "1/2-1/2"]
[WhiteTitle "IM"]
[BlackTitle "GM"]
[WhiteElo "2457"]
[BlackElo "2477"]
[WhiteFideId "14203693"]
[BlackFideId "2255570"]
[EventDate "2025.07.01"]

1. e4 c5 2. Nf3 Nc6 3. Bb5 e5 4. O-O Bd6 5. c3 a6 6. Ba4 b5 7. Bc2 Nf6 8. a4 b4
9. d4 cxd4 10. cxd4 Nxd4 11. Nxd4 exd4 12. e5 Bxe5 13. Re1 d6 14. f4 Bg4 15.
Qxd4 O-O 16. fxe5 dxe5 17. Qxd8 Rfxd8 18. Bg5 Rac8 19. Bb3 h6 20. Be3 Nd5 21.
Bxd5 Rxd5 22. Nd2 Rc2 23. Ne4 Rxb2 24. a5 b3 25. Nc5 Ra2 26. Nxb3 Rb2 27. Nc5
Rb5 28. Nxa6 Rxa5 29. Rxa5 Rxa5 30. Nb4 f6 31. h3 Bc8 32. Nc6 Ra8 33. Ne7+ Kf7
34. Nxc8 Rxc8 35. Rc1 Rxc1+ 36. Bxc1 g5 37. Kf2 h5 38. Kf3 Ke6 39. g4 hxg4+ 40.
Kxg4 e4 41. Bb2 e3 42. Kf3 Kf5 43. Kxe3 Kg6 44. Kf3 f5 45. Kg3 Kh5 46. Bc1 Kg6
47. Bd2 Kh5 48. Be1 Kg6 49. Bf2 Kh5 50. Ba7 g4 51. h4 f4+ 52. Kxf4 Kxh4 53. Bf2+
Kh5 54. Bg3 Kg6 55. Kxg4 1/2-1/2

[Event "Titled Tue 1st Jul Early"]
[Site "chess.com INT"]
[Date "2025.07.01"]
[Round "11"]
[White "Parfenov, Viktor N."]
[Black "Lisenkov, Svyatoslav"]
[Result "0-1"]
[WhiteTitle "CM"]
[BlackTitle "CM"]
[WhiteElo "2193"]
[BlackElo "2283"]
[WhiteFideId "4165969"]
[BlackFideId "34264183"]
[EventDate "2025.07.01"]

1. e4 c5 2. Nf3 d6 3. d4 cxd4 4. Nxd4 Nf6 5. Nc3 a6 6. Be3 e5 7. Nb3 Be6 8. h3
Be7 9. Qf3 Nbd7 10. O-O-O Rc8 11. Nd5 Bxd5 12. exd5 Nb6 13. g4 e4 14. Qg2 Qc7
15. c3 Nbxd5 16. Bd4 Nf4 17. Qg3 Ne6 18. Be2 Nd5 19. Bxg7 Ndf4 20. Bf1 Rg8 21.
Bh6 d5 22. Nd4 Bd6 23. Qe3 Rg6 24. g5 Nd3+ 25. Kb1 Bf4 26. Qe2 Nxd4 27. Qg4 Nxf2
28. Qh5 Nxd1 29. Qxd1 Nf3 30. Qxd5 Rd6 31. Qxe4+ Re6 32. Qxf3 Re1+ 33. Kc2 Rc1+
34. Kd3 Rd8+ 35. Ke2 Rc2+ 36. Ke1 Bg3+ 0-1

[Event "Titled Tue 1st Jul Early"]
[Site "chess.com INT"]
[Date "2025.07.01"]
[Round "11"]
[White "Li, Yilin"]
[Black "Mayaud, Raphael"]
[Result "1/2-1/2"]
[WhiteTitle "WFM"]
[BlackTitle "CM"]
[WhiteElo "1922"]
[BlackElo "2126"]
[WhiteFideId "8610410"]
[BlackFideId "627151"]
[EventDate "2025.07.01"]

1. e4 c6 2. d3 d5 3. Nc3 dxe4 4. Nxe4 Nf6 5. Be3 Nxe4 6. dxe4 Qxd1+ 7. Rxd1 e5
8. Bc4 Nd7 9. Nf3 f6 10. O-O Bc5 11. Bxc5 Nxc5 12. Rfe1 Be6 13. Bxe6 Nxe6 14. c3
Ke7 15. g3 Rhd8 16. Kf1 Rxd1 17. Rxd1 Rd8 18. Rxd8 Kxd8 19. Ke2 Kd7 20. Ke3 Kd6
21. Nd2 b5 22. a3 a5 23. c4 a4 24. f4 Nc5 25. cxb5 cxb5 26. fxe5+ Kxe5 27. Nf3+
Kd6 28. Kd4 Ne6+ 29. Kc3 Kc5 30. g4 g6 31. b4+ axb3 32. Kxb3 Nf4 33. e5 fxe5 34.
Nxe5 Ne2 35. Nd7+ Kd6 36. Nf6 h6 37. Ne4+ Kc6 38. h4 Nd4+ 39. Kc3 Nf3 40. h5
gxh5 41. gxh5 Ne5 42. Ng3 Nd7 43. Nf5 Nf6 44. Nxh6 Nxh5 45. Ng4 Nf4 46. Ne5+ Kb6
47. Kb4 Nd5+ 48. Kb3 Nc7 49. Nd3 Na6 50. Nb4 Nc5+ 51. Kc3 Na4+ 52. Kb3 1/2-1/2

[Event "Titled Tue 1st Jul Early"]
[Site "chess.com INT"]
[Date "2025.07.01"]
[Round "11"]
[White "Rustemov, Alexander"]
[Black "Aarit Kapil"]
[Result "1-0"]
[WhiteTitle "GM"]
[BlackTitle "CM"]
[WhiteElo "2525"]
[BlackElo "2020"]
[WhiteFideId "4119002"]
[BlackFideId "33408947"]
[EventDate "2025.07.01"]

1. d4 Nf6 2. c4 e6 3. Nf3 d5 4. cxd5 exd5 5. Nc3 c6 6. Bf4 Bd6 7. Bxd6 Qxd6 8.
Qc2 O-O 9. e3 b5 10. Bd3 a5 11. O-O Nbd7 12. Rfc1 Bb7 13. Ne2 Rac8 14. Bf5 Rfe8
15. Nf4 Rc7 16. a4 b4 17. Nd3 g6 18. Bxd7 Nxd7 19. Nc5 Bc8 20. Nxd7 Bxd7 21. Qc5
Qf6 22. Qxa5 Rb7 23. Ne5 Bf5 24. Rxc6 Qg5 25. Nf3 Qe7 26. Qc5 Qd8 27. a5 Be4 28.
Ne1 Rb8 29. a6 b3 30. a7 Ra8 31. Qd6 Qg5 32. Rc7 Rf8 33. h3 h5 34. Rac1 Rae8 35.
R1c5 Ra8 36. Qe5 Qh4 37. Qf4 Qd8 38. Rb5 Qe8 39. Rbb7 Qa4 40. Rxf7 1-0

[Event "Titled Tue 1st Jul Early"]
[Site "chess.com INT"]
[Date "2025.07.01"]
[Round "11"]
[White "Tsyhanchuk, Stanislav"]
[Black "Garbuz, Vitaliy"]
[Result "0-1"]
[WhiteTitle "IM"]
[BlackTitle "CM"]
[WhiteElo "2273"]
[BlackElo "2243"]
[WhiteFideId "13505130"]
[BlackFideId "12990710"]
[EventDate "2025.07.01"]

1. e4 c5 2. c3 Nf6 3. e5 Nd5 4. d4 cxd4 5. cxd4 d6 6. Nf3 Nc6 7. Bc4 dxe5 8.
dxe5 Ndb4 9. Qxd8+ Nxd8 10. Na3 a6 11. O-O Be6 12. Bd2 Bxc4 13. Nxc4 Ndc6 14.
Nb6 Rd8 15. a3 Nd3 16. Bc3 e6 17. Rfd1 Bc5 18. Nc4 Nxf2 19. Rxd8+ Kxd8 20. Kf1
Ne4 21. Rd1+ Ke7 22. Be1 Rd8 23. Rxd8 Kxd8 24. Ke2 f5 25. exf6 gxf6 26. Bh4 Ke7
27. b4 Ba7 28. Kd3 Nf2+ 29. Ke2 Ng4 30. h3 Nh6 31. g4 Nf7 32. Kd3 e5 33. Ke4 Ke6
34. Ne1 h5 35. gxh5 f5+ 36. Kd3 e4+ 37. Ke2 Nd4+ 38. Kd2 f4 39. Ng2 Nf3+ 40. Ke2
Ng1+ 41. Kf1 Nxh3 0-1

[Event "Titled Tue 1st Jul Early"]
[Site "chess.com INT"]
[Date "2025.07.01"]
[Round "11"]
[White "Bortnyk, Olexandr"]
[Black "Reshetnikov, Alexey"]
[Result "0-1"]
[WhiteTitle "GM"]
[BlackTitle "IM"]
[WhiteElo "2601"]
[BlackElo "2492"]
[WhiteFideId "14120828"]
[BlackFideId "4162080"]
[EventDate "2025.07.01"]

1. d4 d5 2. Nc3 e6 3. Bf4 Nf6 4. Nb5 Na6 5. e3 c6 6. Nc3 Nc7 7. Nf3 Bd6 8. Ne5
O-O 9. Bd3 c5 10. dxc5 Bxc5 11. Qf3 Bb4 12. Rd1 Nce8 13. O-O Qa5 14. Qh3 Bxc3
15. bxc3 Qxc3 16. f3 b6 17. Rb1 Bb7 18. Rb3 Qc8 19. Bg5 Ba6 20. c4 dxc4 21. Rc1
Qc5 22. f4 h6 23. Bxh6 gxh6 24. Bxc4 b5 25. Qxh6 bxc4 26. Rbc3 Ne4 27. Rf1 Ng7
28. Rf3 f6 29. Qg6 fxe5 30. Qxe4 exf4 31. Rh3 Qf5 32. Qc6 Bb5 33. Qc7 fxe3 34.
Rf3 Qb1+ 0-1

[Event "Titled Tue 1st Jul Early"]
[Site "chess.com INT"]
[Date "2025.07.01"]
[Round "11"]
[White "Allahverdiyeva, Ayan"]
[Black "Burovic, Rijad"]
[Result "1-0"]
[WhiteTitle "WIM"]
[BlackTitle "IM"]
[WhiteElo "2234"]
[BlackElo "2420"]
[WhiteFideId "13412590"]
[BlackFideId "14407701"]
[EventDate "2025.07.01"]

1. d4 g6 2. e4 d6 3. Nc3 Bg7 4. Nf3 a6 5. Be3 b5 6. Qd2 Bb7 7. Bd3 Nd7 8. a4 b4
9. Nd5 a5 10. c3 Ngf6 11. Bh6 O-O 12. h4 Nxd5 13. exd5 Bxd5 14. h5 bxc3 15. bxc3
Bxf3 16. gxf3 Nf6 17. hxg6 fxg6 18. Bxg7 Kxg7 19. Qh6+ Kf7 20. f4 e6 21. d5 exd5
22. f5 g5 23. Kf1 Qd7 24. Qxg5 Rg8 25. Qh6 Rae8 26. Qh3 Re5 27. f4 Ree8 28. Be2
Ke7 29. Rb1 Qc6 30. Bb5 Qc5 31. Bxe8 Rxe8 32. Re1+ Kd7 33. Rxe8 Kxe8 34. Rg1
Qc4+ 35. Ke1 Qe4+ 36. Kd2 Qxf4+ 37. Qe3+ Qxe3+ 38. Kxe3 c5 39. Rg7 Nd7 40. Rxh7
Ne5 41. f6 Kf8 42. Kf4 d4 43. cxd4 cxd4 44. Kf5 d3 45. Ke6 Kg8 46. Rg7+ Kf8 47.
Ra7 Kg8 48. Ra8+ Kh7 49. Rd8 1-0

[Event "Titled Tue 1st Jul Early"]
[Site "chess.com INT"]
[Date "2025.07.01"]
[Round "11"]
[White "Rogov, Matfey"]
[Black "Nicot, Valentin"]
[Result "1-0"]
[WhiteTitle "FM"]
[BlackTitle "CM"]
[WhiteElo "2348"]
[BlackElo "2157"]
[WhiteFideId "44191308"]
[BlackFideId "651002477"]
[EventDate "2025.07.01"]

1. e4 g6 2. d4 Bg7 3. Nc3 d6 4. Be3 a6 5. g4 b5 6. h4 h5 7. gxh5 Rxh5 8. Be2 Rh8
9. h5 gxh5 10. Rxh5 Rxh5 11. Bxh5 Nf6 12. Qf3 Bb7 13. Nh3 Nxh5 14. Qxh5 e6 15.
O-O-O b4 16. Rg1 Qf6 17. Qh7 Bf8 18. Ne2 Nd7 19. Ng5 a5 20. f4 O-O-O 21. Qxf7
Qxf7 22. Nxf7 Bxe4 23. Nxd8 Kxd8 24. Ng3 Bd5 25. f5 exf5 26. Bg5+ Be7 27. Nxf5
Bxg5+ 28. Rxg5 Nb6 29. Ne3 Bf7 30. b3 a4 31. Rb5 axb3 32. cxb3 Kd7 33. Rxb4 Kc6
34. a4 Nd5 35. Rc4+ Kb6 36. Nxd5+ Bxd5 37. Rc3 c5 38. dxc5+ dxc5 39. Kb2 Bg8 40.
Rg3 Bd5 41. Rg6+ Ka5 42. Rg5 1-0